Bálint Gábor Szentkatolna emlékezetében
Elmentve itt :
| Szerző: | |
|---|---|
| Adatforrás: | Meister |
| Forrásdokumentuma: | Művelődés. - 2 sz., 1995, 41-43 p. |
| Nyelv: | magyar |
| Kulcsszavak: | művelődéstörténet oktatási intézmények iskolák sajtó Szentkatolna BÁLINT Gábor Székely Nemzet Ferenc József Tudományegyetem (Kolozsvár) |
| LEADER | 00578nab a2200205 i 4500 | ||
|---|---|---|---|
| 001 | bibPRO00001054 | ||
| 008 | 060524s1995 xx hun | ||
| 040 | |a Sz1 | ||
| 041 | |a hun | ||
| 100 | 1 | |a BAKK Pál | |
| 245 | 1 | 0 | |a Bálint Gábor Szentkatolna emlékezetében |c BAKK Pál |
| 695 | |a művelődéstörténet | ||
| 695 | |a oktatási intézmények | ||
| 695 | |a iskolák | ||
| 695 | |a sajtó | ||
| 695 | |a Szentkatolna | ||
| 695 | |a BÁLINT Gábor | ||
| 695 | |a Székely Nemzet | ||
| 695 | |a Ferenc József Tudományegyetem (Kolozsvár) | ||
| 773 | 0 | |t Művelődés. - |g 2 sz., 1995, 41-43 p. | |